Statistiques concernant Doctor Who (Difficile 2)

Cliquez ici pour prendre le quiz!

Statistiques générales

  • Ce quiz a été pris 50 fois
  • Le résultat moyen est 4 sur 10

Statistiques - réponses

QuestionsRéponses% Correct
Qui a interprété le docteur de la guerre ?John Hurt
81%
Comment appelle-t-on les ombres de La Bibliothèque ?Vashta Nerada
79%
Quelle est l'entreprise n°1 de coursiers intergalactiques ?Kerblam
47%
Sous quel nom de plume River Song est-elle connue ?Melody Malone
44%
Quel objet récurrent de la série est apparu pour la première fois dans "La fin du monde" (saison 1, épisode 2) ?Le papier psychique
37%
Quelles photographies peut-on apercevoir sur le bureau du docteur dans la saison 10 épisode 1 ?Susan et River Song
37%
Comment s'appelle la mère supérieure du complexe papal ?Tasha Len
21%
Du toît de quel hôtel Rory et Amy sautent-ils ?Winter Quay Hotel
16%
Comment s'appelle le diamond de la reine Victoria ?Koh-i-Noor
9%
Quelle chanson ne s'arrête jamais ?Le chant d'Akhaten
5%

Distribution des résultats

Percentile par nombre de réponses

% des personnes avec chaque résultat

Votre développement - résultats

Vous n’avez pas pris ce quiz